| 000 | 00574nam a22001697a 4500 | ||
|---|---|---|---|
| 003 | BD-DhUL | ||
| 005 | 20191027143935.0 | ||
| 008 | 191027s1934 ii ||||| |||| 00| 0 urd d | ||
| 040 |
_aBD-DhUL _cBD-DhUL |
||
| 082 |
_a921.9 _bMIF |
||
| 100 | 3 | _aمرزا محمد ہادی | |
| 245 | 1 | 0 |
_aفیدرس لائیسیس اور بروطا غورس (افلاطون) / _cمرزا محمد ہادی |
| 260 |
_aحیدرآباد دکن : _bدار الطبع جامعہ عثمانی، _c۔۱۹۳۴ |
||
| 300 |
_aص۔ ۲۲۲ ؛ _c۲۴ سم۔ |
||
| 650 | 4 | _2Philosphers | |
| 942 |
_2ddc _cBK |
||
| 999 |
_c250561 _d250561 |
||